00967nam a2200217Ii 4500008004100000111009700041245021400138260003400352300002900386440004600415504004100461500002000502650004700522650003800569650005400607700001700661710004400678003000100722005001700723040000900740 2 aInternational Symposium on the State of the Art in Engine Coolant Testingd(1979 :cAtlanta)10aEngine coolant testing :bstate of the art : a symposium /csponsored by ASTM Committee D-15 on Engine Coolants, American Society for Testing and Materials, Atlanta, Ga., 9-11 April 1979 ; W. H. Ailor, editor. aPhiladelphia :bASTM,cc1980. a367 p. :bill. ;c24 cm. aASTM special technical publication ; 705. aIncludes bibliographical references. aIncludes index. 0aCorrosion and anti-corrosivesxCongresses. 0aAntifreeze solutionsxCongresses. 0aInternal combustion enginesxCoolingxCongresses.1 aAilor, W. H.2 aASTM Committee D-15 on Engine Coolants.20230123134402.0 cNUST